000 00994nam a22003257a 4500
003 CHAP
005 20220817041354.0
008 971013s1977 r 00010 d
010 _a12502
011 _a13474
035 _a17546
040 _cCHAP
082 _a636.5
_bC3
100 0 0 _aCartanyó Aleu, Pedro.
_919602
245 _aCurso completo de avicultura
260 _aBarcelona :
_bCedel,
_c1977
300 _a178 p.
_b: ilus.
590 _aBATCH-UPD
_b10
_c20130109
_lUCH01
_h2333
590 _aBATCH-UPD
_b10
_c20130110
_lUCH01
_h0331
590 _aBATCH-UPD
_b10
_c20130110
_lUCH01
_h2030
590 _aBATCH-UPD
_b10
_c20130409
_lUCH01
_h1859
590 _aBATCH-UPD
_b10
_c20130410
_lUCH01
_h0004
590 _aBATCH-UPD
_b10
_c20130914
_lUCH01
_h0453
590 _aCONVERSION
_b10
_c20130109
_lUCH01
_h1308
650 1 4 _aAvicultura.
650 1 4 _aGallináceas.
_944448
901 _aBK
942 _cLIBRO
949 _a636.5 C3
_bBC
_cLIBRO
_d33724000833026
_eLIBRO
_h28263
_i17546
_si
_t165.00
999 _c12502
_d12502